Náčrt vývoja politického a ideového smerovania Slovenska
Analýza slovenskej politickej scény v podobe aplikácie modelu dvojdimenzionálneho politického spektra. Načrtnutie možného vývoja slovenskej politickej scény do roku 2013, zohľadňujúc ideové smerovanie jednotlivých relevantných politických strán na Slovensku. Prehľad niekoľkých politických problémov,...
Guardado en:
| Autor principal: | |
|---|---|
| Formato: | Capítulo de libro |
| Lenguaje: | eslovaco |
| Materias: | |
| Etiquetas: |
Sin Etiquetas, Sea el primero en etiquetar este registro!
|
MARC
| LEADER | 00000nla$a2200000$$$4500 | ||
|---|---|---|---|
| 001 | 0080518 | ||
| 005 | 20221128083855.5 | ||
| 041 | 0 | |a slo | |
| 044 | |a SK | ||
| 245 | 1 | 0 | |a Náčrt vývoja politického a ideového smerovania Slovenska |c Ľuboš Blaha |
| 520 | |a Analýza slovenskej politickej scény v podobe aplikácie modelu dvojdimenzionálneho politického spektra. Načrtnutie možného vývoja slovenskej politickej scény do roku 2013, zohľadňujúc ideové smerovanie jednotlivých relevantných politických strán na Slovensku. Prehľad niekoľkých politických problémov, o ktorých možno dôvodne predpokladať, že budú ťažiskovými do roku 2030. Využitie metódy extrapolácie. Analýza doterajších trendov v západnej Európe alebo na Slovensku. | ||
| 610 | 2 | 0 | |a Slovensko |
| 610 | 2 | 0 | |a strany politické |
| 610 | 2 | 0 | |a vývoj politický |
| 610 | 2 | 0 | |a ideológia |
| 100 | 1 | |a Blaha, Ľuboš | |